[Event "d12b"]
[Site "?"]
[Date "2020.08.30"]
[Round "9.1"]
[White "Szczotka, Klara"]
[Black "Popczynska, Maja"]
[Result "1-0"]
[BlackElo "1129"]
[WhiteElo "1654"]
[LiveChessVersion "1.4.8"]

1. e4 {[%clk 0:03:03]} e6 {[%clk 0:03:03]} 2. d4 {[%clk 0:03:04]} d5
{[%clk 0:03:04]} 3. Nd2 {[%clk 0:03:05]} dxe4 {[%clk 0:03:03]} 4. Nxe4
{[%clk 0:03:06]} Nd7 {[%clk 0:03:04]} 5. Nf3 {[%clk 0:03:04]} Ngf6
{[%clk 0:03:04]} 6. Nxf6+ {[%clk 0:03:04]} Nxf6 {[%clk 0:03:05]} 7. c3
{[%clk 0:03:04]} Be7 {[%clk 0:02:56]} 8. Bd3 {[%clk 0:03:05]} O-O
{[%clk 0:02:52]} 9. O-O {[%clk 0:03:06]} b6 {[%clk 0:02:43]} 10. Qe2
{[%clk 0:02:56]} Bb7 {[%clk 0:02:36]} 11. h3 {[%clk 0:02:50]} Rc8
{[%clk 0:02:28]} 12. Bf4 {[%clk 0:02:48]} c5 {[%clk 0:02:11]} 13. Rad1
{[%clk 0:02:48]} cxd4 {[%clk 0:02:10]} 14. Nxd4 {[%clk 0:02:44]} Bd5
{[%clk 0:01:56]} 15. Nf3 {[%clk 0:02:34]} Bd6 {[%clk 0:01:34]} 16. Bxd6
{[%clk 0:02:34]} Qxd6 {[%clk 0:01:34]} 17. c4 {[%clk 0:02:19]} Bxf3
{[%clk 0:01:14]} 18. Qxf3 {[%clk 0:02:12]} Qc6 {[%clk 0:01:08]} 19. Qxc6
{[%clk 0:02:03]} Rxc6 {[%clk 0:01:09]} 20. b3 {[%clk 0:02:05]} Rcc8
{[%clk 0:01:08]} 21. Bb1 {[%clk 0:01:59]} Rfd8 {[%clk 0:01:08]} 22. Rfe1
{[%clk 0:01:52]} h6 {[%clk 0:00:59]} 23. Kf1 {[%clk 0:01:47]} Kf8
{[%clk 0:00:58]} 24. g4 {[%clk 0:01:35]} Ke7 {[%clk 0:00:58]} 25. f4
{[%clk 0:01:34]} Rxd1 26. Rxd1 Rd8 {[%clk 0:00:59]} 27. Rxd8 {[%clk 0:01:36]}
Kxd8 {[%clk 0:01:00]} 28. Ke2 {[%clk 0:01:37]} Kd7 {[%clk 0:01:00]} 29. Ke3
{[%clk 0:01:38]} Kd6 {[%clk 0:01:00]} 30. Kd4 {[%clk 0:01:40]} Nd7
{[%clk 0:00:57]} 31. b4 {[%clk 0:01:40]} f6 {[%clk 0:00:54]} 32. Be4
{[%clk 0:01:38]} e5+ {[%clk 0:00:50]} 33. fxe5+ {[%clk 0:01:36]} fxe5+
{[%clk 0:00:51]} 34. Kd3 {[%clk 0:01:36]} Nf6 {[%clk 0:00:51]} 35. Bf5
{[%clk 0:01:36]} Nd7 {[%clk 0:00:50]} 36. Bxd7 {[%clk 0:01:34]} Kxd7
{[%clk 0:00:51]} 37. Ke4 {[%clk 0:01:36]} Ke6 {[%clk 0:00:52]} 38. c5
{[%clk 0:01:37]} bxc5 {[%clk 0:00:51]} 39. bxc5 g6 {[%clk 0:00:45]} 40. h4
{[%clk 0:01:39]} a5 {[%clk 0:00:43]} 41. a4 g5 {[%clk 0:00:15]} 42. h5
{[%clk 0:01:41]} Kd7 {[%clk 0:00:09]} 43. Kxe5 {[%clk 0:01:42]} Kc6
{[%clk 0:00:11]} 44. Kd4 {[%clk 0:01:41]} Kb7 {[%clk 0:00:11]} 45. Kd5
{[%clk 0:01:42]} Kc7 46. c6 Kc8 {[%clk 0:00:11]} 47. Kc5 {[%clk 0:01:44]} Kc7 48.
Kb5 Kd6 49. Kb6 Ke7 {[%clk 0:00:13]} 50. c7 {[%clk 0:01:48]} Kd6 {[%clk 0:00:14]}
51. c8=Q {[%clk 0:01:47]} 1-0

[Event "d12b"]
[Site "?"]
[Date "2020.08.30"]
[Round "9.2"]
[White "Salamon, Julia"]
[Black "Natoli, Alessia"]
[Result "1-0"]
[BlackElo "1302"]
[WhiteElo "1156"]
[LiveChessVersion "1.4.8"]

1. d4 {[%clk 0:03:03]} Nf6 {[%clk 0:03:01]} 2. c4 {[%clk 0:03:01]} d6
{[%clk 0:03:00]} 3. Nc3 {[%clk 0:03:01]} Nbd7 {[%clk 0:02:59]} 4. Nf3
{[%clk 0:03:01]} g6 {[%clk 0:03:00]} 5. e4 {[%clk 0:03:02]} Bg7 {[%clk 0:03:00]}
6. Be2 {[%clk 0:03:03]} O-O {[%clk 0:02:57]} 7. O-O {[%clk 0:03:02]} c6
{[%clk 0:02:50]} 8. h3 {[%clk 0:02:59]} Qc7 {[%clk 0:02:41]} 9. Be3
{[%clk 0:02:59]} e5 {[%clk 0:02:40]} 10. d5 {[%clk 0:02:57]} Rd8 {[%clk 0:02:20]}
11. Rc1 {[%clk 0:02:55]} Qb8 {[%clk 0:01:59]} 12. Qb3 {[%clk 0:02:24]} cxd5
{[%clk 0:01:49]} 13. cxd5 {[%clk 0:02:19]} b6 {[%clk 0:01:49]} 14. Bb5
{[%clk 0:01:36]} Bb7 {[%clk 0:01:42]} 15. Qa4 {[%clk 0:01:09]} Nc5
{[%clk 0:01:22]} 16. Bxc5 {[%clk 0:00:55]} bxc5 {[%clk 0:01:22]} 17. b3
{[%clk 0:00:46]} a6 {[%clk 0:01:16]} 18. Bc6 {[%clk 0:00:46]} Qc7
{[%clk 0:01:17]} 19. Bxb7 {[%clk 0:00:44]} Qxb7 {[%clk 0:01:17]} 20. Qa3
{[%clk 0:00:43]} Qb4 {[%clk 0:00:58]} 21. Qxb4 {[%clk 0:00:33]} cxb4
{[%clk 0:00:59]} 22. Na4 {[%clk 0:00:27]} Rac8 {[%clk 0:00:45]} 23. Nd2
{[%clk 0:00:26]} Nd7 {[%clk 0:00:41]} 24. f3 {[%clk 0:00:26]} f5 {[%clk 0:00:39]}
25. Nc4 {[%clk 0:00:27]} Nc5 {[%clk 0:00:31]} 26. Nab6 {[%clk 0:00:22]} Rb8
{[%clk 0:00:31]} 27. Na4 {[%clk 0:00:20]} f4 {[%clk 0:00:29]} 28. Nxc5
{[%clk 0:00:19]} dxc5 {[%clk 0:00:28]} 29. Na5 {[%clk 0:00:19]} Rbc8
{[%clk 0:00:25]} 30. Nc6 {[%clk 0:00:19]} Bf8 {[%clk 0:00:26]} 31. Nxd8
{[%clk 0:00:19]} Rxd8 {[%clk 0:00:26]} 32. Rc4 {[%clk 0:00:19]} Bd6
{[%clk 0:00:26]} 33. Rfc1 {[%clk 0:00:20]} Rc8 {[%clk 0:00:25]} 34. Kf2
{[%clk 0:00:21]} Kf7 {[%clk 0:00:26]} 35. Ra1 {[%clk 0:00:19]} a5
{[%clk 0:00:25]} 36. a3 {[%clk 0:00:19]} Rb8 {[%clk 0:00:21]} 37. a4
{[%clk 0:00:20]} Rc8 {[%clk 0:00:21]} 38. Rac1 {[%clk 0:00:21]} Rb8
{[%clk 0:00:19]} 39. g3 {[%clk 0:00:21]} Kf6 {[%clk 0:00:17]} 40. Rxc5
{[%clk 0:00:19]} Bxc5+ {[%clk 0:00:17]} 41. Rxc5 {[%clk 0:00:20]} Ke7
{[%clk 0:00:16]} 42. Rxa5 {[%clk 0:00:20]} Rc8 {[%clk 0:00:17]} 43. gxf4
{[%clk 0:00:16]} exf4 {[%clk 0:00:17]} 44. Ra7+ {[%clk 0:00:17]} Kf6
{[%clk 0:00:17]} 45. a5 {[%clk 0:00:18]} Rc2+ {[%clk 0:00:17]} 46. Kf1
{[%clk 0:00:17]} Rb2 {[%clk 0:00:12]} 47. a6 {[%clk 0:00:18]} Rxb3
{[%clk 0:00:11]} 48. Rb7 {[%clk 0:00:16]} Ra3 {[%clk 0:00:10]} 49. a7
{[%clk 0:00:17]} b3 {[%clk 0:00:08]} 50. Rxb3 {[%clk 0:00:12]} Rxa7
{[%clk 0:00:08]} 51. Ke2 {[%clk 0:00:12]} Ke5 {[%clk 0:00:09]} 52. Kd3
{[%clk 0:00:13]} Ra2 {[%clk 0:00:08]} 53. Rb6 {[%clk 0:00:11]} Ra3+
{[%clk 0:00:07]} 54. Kc4 {[%clk 0:00:12]} Ra4+ {[%clk 0:00:08]} 55. Kb3
{[%clk 0:00:11]} Ra1 {[%clk 0:00:09]} 56. Re6+ {[%clk 0:00:11]} Kd4
{[%clk 0:00:10]} 57. Kb2 {[%clk 0:00:12]} Rf1 {[%clk 0:00:10]} 58. d6
{[%clk 0:00:12]} Rxf3 {[%clk 0:00:09]} 59. d7 {[%clk 0:00:14]} Rd3
{[%clk 0:00:09]} 60. Rd6+ {[%clk 0:00:15]} Ke3 {[%clk 0:00:10]} 61. Rxd3+
{[%clk 0:00:15]} Kxd3 {[%clk 0:00:10]} 62. d8=Q+ {[%clk 0:00:15]} Ke3
{[%clk 0:00:11]} 63. Qg5 {[%clk 0:00:15]} Kxe4 {[%clk 0:00:12]} 64. Kc2
{[%clk 0:00:14]} f3 {[%clk 0:00:12]} 65. Kd2 {[%clk 0:00:15]} h6 {[%clk 0:00:13]}
66. Qxg6+ {[%clk 0:00:12]} Kf4 {[%clk 0:00:13]} 67. Qxh6+ {[%clk 0:00:12]} Kg3
{[%clk 0:00:13]} 68. Qf6 {[%clk 0:00:10]} Kg2 {[%clk 0:00:13]} 69. h4
{[%clk 0:00:10]} f2 {[%clk 0:00:13]} 70. Qxf2+ {[%clk 0:00:10]} Kxf2
{[%clk 0:00:13]} 71. h5 {[%clk 0:00:12]} Kg3 {[%clk 0:00:13]} 72. h6
{[%clk 0:00:13]} Kg4 {[%clk 0:00:13]} 73. h7 {[%clk 0:00:14]} Kg5
{[%clk 0:00:13]} 74. h8=Q {[%clk 0:00:15]} 1-0

[Event "d12b"]
[Site "?"]
[Date "2020.08.30"]
[Round "9.3"]
[White "Wojs, Alicja"]
[Black "Sprzeczka, Emilia"]
[Result "1-0"]
[BlackElo "1177"]
[WhiteElo "1285"]
[LiveChessVersion "1.4.8"]

1. e4 {[%clk 0:03:03]} e5 {[%clk 0:03:03]} 2. Nf3 {[%clk 0:03:04]} Nc6
{[%clk 0:03:04]} 3. d4 {[%clk 0:03:05]} exd4 {[%clk 0:03:05]} 4. Nxd4
{[%clk 0:03:07]} Nf6 {[%clk 0:03:06]} 5. Nxc6 {[%clk 0:03:08]} bxc6
{[%clk 0:03:07]} 6. Bd3 {[%clk 0:03:09]} d5 {[%clk 0:03:05]} 7. exd5
{[%clk 0:03:10]} cxd5 {[%clk 0:03:06]} 8. O-O {[%clk 0:03:10]} Be7
{[%clk 0:03:04]} 9. Re1 {[%clk 0:03:08]} O-O {[%clk 0:03:03]} 10. h3
{[%clk 0:03:09]} c6 {[%clk 0:03:03]} 11. Qf3 {[%clk 0:03:10]} Be6
{[%clk 0:03:00]} 12. Nc3 {[%clk 0:03:10]} c5 {[%clk 0:02:47]} 13. Bf4
{[%clk 0:03:00]} Bd6 {[%clk 0:02:36]} 14. Rad1 {[%clk 0:02:55]} c4
{[%clk 0:02:30]} 15. Be2 {[%clk 0:02:50]} Bxf4 {[%clk 0:02:18]} 16. Qxf4
{[%clk 0:02:50]} Rb8 {[%clk 0:02:19]} 17. Bxc4 {[%clk 0:02:44]} Qa5
{[%clk 0:01:53]} 18. Bb3 {[%clk 0:02:44]} Rfd8 {[%clk 0:01:47]} 19. Qf3
{[%clk 0:02:38]} d4 {[%clk 0:01:35]} 20. Ne4 {[%clk 0:02:29]} Nxe4
{[%clk 0:01:27]} 21. Qxe4 {[%clk 0:02:27]} Bxb3 {[%clk 0:01:24]} 22. axb3
{[%clk 0:02:26]} Qc5 {[%clk 0:01:08]} 23. Qd3 {[%clk 0:02:03]} Rb7
{[%clk 0:00:58]} 24. Re4 {[%clk 0:01:45]} Rbd7 {[%clk 0:00:56]} 25. Rde1
{[%clk 0:01:46]} Qc8 {[%clk 0:00:40]} 26. Rh4 {[%clk 0:01:31]} h6
{[%clk 0:00:38]} 27. Rhe4 {[%clk 0:01:30]} Rc7 {[%clk 0:00:26]} 28. R4e2
{[%clk 0:01:16]} Rcd7 {[%clk 0:00:23]} 29. Re4 {[%clk 0:01:09]} Rc7
{[%clk 0:00:24]} 30. R1e2 {[%clk 0:01:05]} Rcd7 {[%clk 0:00:20]} 31. Rd2
{[%clk 0:01:04]} Qc5 {[%clk 0:00:18]} 32. Rde2 {[%clk 0:00:55]} Qc8
{[%clk 0:00:19]} 33. g3 {[%clk 0:00:56]} g6 {[%clk 0:00:17]} 34. h4
{[%clk 0:00:56]} Qc5 {[%clk 0:00:15]} 35. Re5 {[%clk 0:00:55]} Qd6
{[%clk 0:00:14]} 36. h5 {[%clk 0:00:53]} Kg7 {[%clk 0:00:11]} 37. hxg6
{[%clk 0:00:54]} fxg6 {[%clk 0:00:12]} 38. R5e4 {[%clk 0:00:55]} Qf6
{[%clk 0:00:12]} 39. Rf4 {[%clk 0:00:55]} Qd6 {[%clk 0:00:12]} 40. Rd2
{[%clk 0:00:53]} Qe5 {[%clk 0:00:10]} 41. Re2 {[%clk 0:00:52]} Qd6
{[%clk 0:00:11]} 42. Rfe4 {[%clk 0:00:54]} Rf7 {[%clk 0:00:09]} 43. Rd2
{[%clk 0:00:49]} Qc5 {[%clk 0:00:07]} 44. Rxd4 {[%clk 0:00:47]} Rxd4
{[%clk 0:00:06]} 45. Qxd4+ {[%clk 0:00:48]} Qxd4 {[%clk 0:00:07]} 46. Rxd4
{[%clk 0:00:50]} Rc7 {[%clk 0:00:08]} 47. c4 {[%clk 0:00:51]} a5 {[%clk 0:00:06]}
48. Rd5 {[%clk 0:00:52]} Ra7 {[%clk 0:00:07]} 49. Rb5 {[%clk 0:00:53]} a4
{[%clk 0:00:08]} 50. bxa4 {[%clk 0:00:54]} Rxa4 {[%clk 0:00:09]} 51. b3
{[%clk 0:00:54]} Ra3 {[%clk 0:00:09]} 52. c5 {[%clk 0:00:55]} Ra1+
{[%clk 0:00:10]} 53. Kg2 {[%clk 0:00:56]} Rc1 54. b4 Kf6 {[%clk 0:00:10]} 55.
Rb6+ {[%clk 0:00:59]} Kf5 {[%clk 0:00:09]} 56. c6 {[%clk 0:00:59]} Rc2
{[%clk 0:00:07]} 57. b5 {[%clk 0:01:00]} Rc3 {[%clk 0:00:07]} 58. Rb7
{[%clk 0:01:01]} Rc2 {[%clk 0:00:07]} 59. c7 {[%clk 0:01:01]} Rc3
{[%clk 0:00:05]} 60. b6 {[%clk 0:01:02]} Rc2 {[%clk 0:00:06]} 61. Rb8
{[%clk 0:01:02]} Rc6 {[%clk 0:00:05]} 62. c8=Q+ {[%clk 0:01:01]} Rxc8
{[%clk 0:00:06]} 63. Rxc8 1-0

[Event "d12b"]
[Site "?"]
[Date "2020.08.30"]
[Round "9.4"]
[White "Makarec, Anna"]
[Black "Pniewska, Beata"]
[Result "1-0"]
[BlackElo "1169"]
[WhiteElo "1053"]
[LiveChessVersion "1.4.8"]

1. e4 {[%clk 0:03:03]} e6 {[%clk 0:03:02]} 2. d4 {[%clk 0:03:04]} d5
{[%clk 0:03:03]} 3. exd5 {[%clk 0:03:05]} exd5 {[%clk 0:03:04]} 4. Bd3
{[%clk 0:03:06]} Bd6 {[%clk 0:03:02]} 5. Nf3 {[%clk 0:03:02]} Nf6
{[%clk 0:03:03]} 6. O-O {[%clk 0:03:01]} O-O {[%clk 0:03:02]} 7. Re1
{[%clk 0:03:01]} c5 {[%clk 0:02:59]} 8. c3 {[%clk 0:03:01]} c4 {[%clk 0:02:59]}
9. Be2 {[%clk 0:02:54]} Nc6 {[%clk 0:02:59]} 10. b3 {[%clk 0:02:55]} cxb3
{[%clk 0:02:51]} 11. Qxb3 {[%clk 0:02:55]} Na5 {[%clk 0:02:47]} 12. Qc2
{[%clk 0:02:49]} Bg4 {[%clk 0:02:30]} 13. Nbd2 {[%clk 0:02:49]} Rc8
{[%clk 0:02:29]} 14. Bb2 {[%clk 0:02:50]} Nc4 {[%clk 0:02:26]} 15. Nxc4
{[%clk 0:02:49]} dxc4 {[%clk 0:02:27]} 16. Qa4 {[%clk 0:02:47]} Qc7
{[%clk 0:02:16]} 17. h3 {[%clk 0:02:36]} Bh5 {[%clk 0:02:17]} 18. Ba3
{[%clk 0:02:32]} Bxa3 {[%clk 0:02:01]} 19. Qxa3 {[%clk 0:02:33]} a6
{[%clk 0:02:00]} 20. Rab1 {[%clk 0:02:31]} Nd5 {[%clk 0:01:50]} 21. Qb2
{[%clk 0:02:27]} Bg6 {[%clk 0:01:46]} 22. Rbc1 {[%clk 0:02:12]} Rfe8
{[%clk 0:01:41]} 23. Ne5 {[%clk 0:02:10]} b5 {[%clk 0:01:33]} 24. Nxg6
{[%clk 0:02:10]} hxg6 {[%clk 0:01:34]} 25. Bf3 {[%clk 0:02:10]} Nf4
{[%clk 0:01:31]} 26. Rxe8+ {[%clk 0:02:04]} Rxe8 {[%clk 0:01:31]} 27. Qa3
{[%clk 0:01:58]} Nd3 {[%clk 0:01:23]} 28. Rd1 {[%clk 0:01:58]} Qd6
{[%clk 0:01:15]} 29. Qxd6 {[%clk 0:01:57]} 1-0

[Event "d12b"]
[Site "?"]
[Date "2020.08.30"]
[Round "9.5"]
[White "Gaszka, Zuzanna"]
[Black "Kulczycka, Zofia"]
[Result "0-1"]
[BlackElo "1116"]
[WhiteElo "1158"]
[LiveChessVersion "1.4.8"]

1. e4 c5 2. Nf3 d6 3. d4 cxd4 4. Nxd4 Nf6 5. Nc3 g6 6. f4 Nc6 7. Bb5 Bd7 8. Bxc6
bxc6 9. e5 dxe5 10. fxe5 Nd5 11. Nxd5 cxd5 12. O-O Bg7 13. Nf3 O-O 14. Qxd5 Qb6+
15. Kh1 Bb5 16. c4 Bc6 17. Qd3 Bxf3 18. Qxf3 Bxe5 19. Re1 Bf6 20. Bh6 Rfd8 21.
Rab1 Rac8 22. b3 Qa5 23. Re2 Rd7 24. Rbe1 Rcd8 25. Qxf6 Qxe1+ 26. Rxe1 exf6 27.
c5 Rd1 28. Kg1 Rxe1+ 29. Kf2 Red1 30. b4 Rb1 31. a3 Ra1 32. c6 Rxa3 33. b5 Rb3
34. c7 Rc8 35. Bf4 Rxb5 0-1

[Event "d12b"]
[Site "?"]
[Date "2020.08.30"]
[Round "9.6"]
[White "Ziobrowska, Maja"]
[Black "Pietryk, Joanna"]
[Result "1-0"]
[BlackElo "1166"]
[WhiteElo "1266"]
[LiveChessVersion "1.4.8"]

1. e4 {[%clk 0:03:03]} c5 {[%clk 0:03:04]} 2. Nf3 {[%clk 0:03:04]} d6
{[%clk 0:03:05]} 3. c3 {[%clk 0:03:05]} Nc6 {[%clk 0:03:03]} 4. Bd3
{[%clk 0:03:05]} Nf6 {[%clk 0:03:00]} 5. O-O {[%clk 0:03:04]} Bd7
{[%clk 0:03:00]} 6. Bc2 {[%clk 0:03:05]} e6 {[%clk 0:02:58]} 7. d4
{[%clk 0:03:06]} cxd4 {[%clk 0:02:56]} 8. cxd4 {[%clk 0:03:07]} Be7
{[%clk 0:02:55]} 9. Nc3 {[%clk 0:03:08]} O-O {[%clk 0:02:52]} 10. Bf4
{[%clk 0:03:00]} Rc8 {[%clk 0:02:35]} 11. Qd2 {[%clk 0:02:55]} Qb6
{[%clk 0:02:22]} 12. Rab1 {[%clk 0:02:21]} Nb4 {[%clk 0:02:16]} 13. Bb3
{[%clk 0:02:06]} Bc6 {[%clk 0:02:01]} 14. Rfe1 {[%clk 0:01:56]} Qc7
{[%clk 0:01:45]} 15. d5 {[%clk 0:01:28]} exd5 {[%clk 0:01:04]} 16. exd5
{[%clk 0:01:28]} Be8 {[%clk 0:01:03]} 17. Nb5 {[%clk 0:00:55]} Bxb5
{[%clk 0:00:55]} 18. Qxb4 {[%clk 0:00:55]} a6 {[%clk 0:00:50]} 19. Rxe7
{[%clk 0:00:44]} Qxe7 {[%clk 0:00:44]} 20. Bxd6 {[%clk 0:00:45]} Qd7
{[%clk 0:00:42]} 21. Bxf8 {[%clk 0:00:43]} Rxf8 {[%clk 0:00:43]} 22. h3
{[%clk 0:00:43]} Qf5 {[%clk 0:00:35]} 23. Rd1 {[%clk 0:00:43]} Rd8
{[%clk 0:00:32]} 24. Qe7 {[%clk 0:00:42]} Rd7 {[%clk 0:00:25]} 25. Qe3
{[%clk 0:00:39]} Rd8 {[%clk 0:00:21]} 26. Nd4 {[%clk 0:00:36]} Qd7
{[%clk 0:00:13]} 27. Nxb5 {[%clk 0:00:33]} Qxb5 {[%clk 0:00:13]} 28. d6
{[%clk 0:00:33]} Qc6 {[%clk 0:00:09]} 29. Qe7 {[%clk 0:00:29]} Rd7
{[%clk 0:00:05]} 30. Bxf7+ 1-0

[Event "d12b"]
[Site "?"]
[Date "2020.08.30"]
[Round "9.7"]
[White "Seemann, Pola"]
[Black "Zielinska, Aleksandra"]
[Result "1-0"]
[BlackElo "1215"]
[WhiteElo "1165"]
[LiveChessVersion "1.4.8"]

1. e4 {[%clk 0:03:03]} c5 {[%clk 0:03:03]} 2. Nf3 {[%clk 0:03:04]} d6
{[%clk 0:03:04]} 3. d4 {[%clk 0:03:05]} cxd4 {[%clk 0:03:05]} 4. Nxd4
{[%clk 0:03:06]} Nf6 {[%clk 0:03:06]} 5. Nc3 {[%clk 0:03:07]} g6 {[%clk 0:03:07]}
6. Be3 {[%clk 0:03:08]} Bg7 {[%clk 0:03:08]} 7. f3 {[%clk 0:03:08]} Nc6
{[%clk 0:03:08]} 8. Bc4 {[%clk 0:03:09]} Bd7 {[%clk 0:03:07]} 9. Qd2
{[%clk 0:03:10]} O-O {[%clk 0:03:07]} 10. O-O-O {[%clk 0:03:09]} a6
{[%clk 0:03:08]} 11. g4 {[%clk 0:03:05]} b5 {[%clk 0:03:08]} 12. Bb3
{[%clk 0:02:59]} Ne5 {[%clk 0:02:52]} 13. h4 {[%clk 0:02:52]} Nc4
{[%clk 0:02:43]} 14. Bxc4 {[%clk 0:02:51]} bxc4 {[%clk 0:02:41]} 15. h5
{[%clk 0:02:44]} Rb8 {[%clk 0:02:22]} 16. Kb1 {[%clk 0:02:36]} Qb6
{[%clk 0:02:19]} 17. b3 {[%clk 0:02:29]} cxb3 {[%clk 0:02:19]} 18. cxb3
{[%clk 0:02:26]} Qc7 {[%clk 0:01:47]} 19. hxg6 {[%clk 0:02:10]} fxg6
{[%clk 0:01:47]} 20. g5 {[%clk 0:02:08]} Nh5 {[%clk 0:01:43]} 21. Rhf1
{[%clk 0:01:57]} Rfc8 {[%clk 0:01:37]} 22. Rc1 {[%clk 0:01:50]} Qb7
{[%clk 0:01:27]} 23. Nd5 {[%clk 0:01:40]} Bb5 {[%clk 0:01:09]} 24. Nxb5
{[%clk 0:01:35]} axb5 {[%clk 0:01:10]} 25. Bd4 {[%clk 0:01:33]} Ng3
{[%clk 0:00:36]} 26. Rg1 {[%clk 0:01:24]} Bxd4 {[%clk 0:00:36]} 27. Rxg3
{[%clk 0:01:19]} Be5 {[%clk 0:00:31]} 28. f4 {[%clk 0:01:17]} Bg7
{[%clk 0:00:32]} 29. Rgg1 {[%clk 0:01:09]} Qa7 {[%clk 0:00:20]} 30. Rc2
{[%clk 0:01:00]} Qd4 {[%clk 0:00:19]} 31. Qxd4 {[%clk 0:00:56]} Bxd4
{[%clk 0:00:19]} 32. Rxc8+ {[%clk 0:00:55]} Rxc8 {[%clk 0:00:20]} 33. Rd1
{[%clk 0:00:51]} e6 {[%clk 0:00:06]} 34. Ne7+ {[%clk 0:00:52]} Kf7
{[%clk 0:00:07]} 35. Nxc8 {[%clk 0:00:53]} e5 {[%clk 0:00:08]} 36. Nxd6+
{[%clk 0:00:53]} 1-0

[Event "d12b"]
[Site "?"]
[Date "2020.08.30"]
[Round "10.1"]
[White "Makarec, Anna"]
[Black "Szczotka, Klara"]
[Result "0-1"]
[BlackElo "1654"]
[WhiteElo "1053"]
[LiveChessVersion "1.4.8"]

1. e4 c5 2. Nc3 e6 3. Nge2 {[%clk 0:03:03]} d6 {[%clk 0:03:07]} 4. g3
{[%clk 0:03:03]} a6 {[%clk 0:03:08]} 5. Bg2 {[%clk 0:03:04]} Nf6 {[%clk 0:03:07]}
6. d3 {[%clk 0:03:05]} Qc7 {[%clk 0:03:08]} 7. O-O {[%clk 0:03:04]} Nc6
{[%clk 0:03:09]} 8. Be3 {[%clk 0:03:05]} b5 {[%clk 0:03:10]} 9. Qd2
{[%clk 0:03:01]} Bb7 {[%clk 0:03:12]} 10. h3 {[%clk 0:03:00]} h5 {[%clk 0:03:08]}
11. d4 {[%clk 0:02:57]} cxd4 {[%clk 0:03:09]} 12. Nxd4 {[%clk 0:02:57]} Nxd4
{[%clk 0:03:10]} 13. Qxd4 {[%clk 0:02:57]} Be7 {[%clk 0:03:11]} 14. f4
{[%clk 0:02:46]} Rc8 {[%clk 0:03:07]} 15. Rae1 {[%clk 0:02:31]} e5
{[%clk 0:02:30]} 16. fxe5 {[%clk 0:02:30]} dxe5 {[%clk 0:02:31]} 17. Qb6
{[%clk 0:02:22]} Qxb6 {[%clk 0:02:31]} 18. Bxb6 {[%clk 0:02:23]} Bc5+
{[%clk 0:02:32]} 19. Bxc5 {[%clk 0:02:22]} Rxc5 {[%clk 0:02:33]} 20. Rf2
{[%clk 0:02:12]} Ke7 {[%clk 0:02:25]} 21. Kf1 {[%clk 0:02:07]} Rhc8
{[%clk 0:02:26]} 22. Rd2 {[%clk 0:02:04]} b4 {[%clk 0:01:50]} 23. Nd5+
{[%clk 0:02:00]} Nxd5 {[%clk 0:01:48]} 24. exd5 {[%clk 0:02:01]} Kd6
{[%clk 0:01:49]} 25. Rc1 {[%clk 0:01:53]} f5 {[%clk 0:01:41]} 26. Kf2
{[%clk 0:01:44]} e4 {[%clk 0:01:41]} 27. Ke3 {[%clk 0:01:44]} Rxd5
{[%clk 0:01:41]} 28. Rxd5+ {[%clk 0:01:43]} Bxd5 {[%clk 0:01:42]} 29. a3
{[%clk 0:01:42]} bxa3 {[%clk 0:01:43]} 30. bxa3 {[%clk 0:01:42]} Rc3+
{[%clk 0:01:44]} 31. Kf4 {[%clk 0:01:39]} g6 {[%clk 0:01:43]} 32. a4
{[%clk 0:01:35]} Ke6 {[%clk 0:01:29]} 33. a5 {[%clk 0:01:31]} Rc5
{[%clk 0:01:26]} 34. Ra1 {[%clk 0:01:30]} Rxc2 {[%clk 0:01:27]} 35. Rg1
{[%clk 0:01:27]} Ra2 {[%clk 0:01:19]} 36. Kg5 {[%clk 0:01:26]} Kf7
{[%clk 0:01:17]} 37. g4 {[%clk 0:01:24]} hxg4 {[%clk 0:01:14]} 38. hxg4
{[%clk 0:01:25]} Be6 {[%clk 0:01:14]} 39. gxf5 {[%clk 0:01:25]} gxf5
{[%clk 0:01:10]} 40. Bh3 {[%clk 0:01:23]} Rxa5 {[%clk 0:01:10]} 41. Rf1
{[%clk 0:01:24]} Rc5 {[%clk 0:01:04]} 42. Bxf5 {[%clk 0:01:16]} Bxf5
{[%clk 0:01:05]} 43. Rxf5+ {[%clk 0:01:16]} Rxf5+ {[%clk 0:01:06]} 44. Kxf5
{[%clk 0:01:17]} e3 {[%clk 0:01:08]} 45. Kg4 {[%clk 0:01:14]} e2 {[%clk 0:01:08]}
46. Kh3 {[%clk 0:01:14]} e1=Q {[%clk 0:01:07]} 47. Kg2 {[%clk 0:01:14]} Qe3
{[%clk 0:01:07]} 48. Kf1 {[%clk 0:01:15]} Qd2 {[%clk 0:01:08]} 49. Kg1
{[%clk 0:01:17]} Qe2 {[%clk 0:01:10]} 50. Kh1 {[%clk 0:01:18]} Kf6
{[%clk 0:01:11]} 51. Kg1 {[%clk 0:01:19]} Kf5 {[%clk 0:01:12]} 52. Kh1
{[%clk 0:01:20]} Kg4 {[%clk 0:01:13]} 53. Kg1 {[%clk 0:01:21]} Kg3
{[%clk 0:01:14]} 54. Kh1 {[%clk 0:01:22]} Qf1# 0-1

[Event "d12b"]
[Site "?"]
[Date "2020.08.30"]
[Round "10.2"]
[White "Salamon, Julia"]
[Black "Kulczycka, Zofia"]
[Result "1-0"]
[BlackElo "1116"]
[WhiteElo "1156"]
[LiveChessVersion "1.4.8"]

1. d4 {[%clk 0:03:03]} Nf6 {[%clk 0:03:03]} 2. Nf3 {[%clk 0:03:02]} g6
{[%clk 0:03:03]} 3. c4 {[%clk 0:03:03]} Bg7 {[%clk 0:03:04]} 4. Nc3
{[%clk 0:03:03]} O-O {[%clk 0:03:03]} 5. e4 {[%clk 0:03:04]} d6 {[%clk 0:03:03]}
6. Be2 {[%clk 0:03:05]} e5 {[%clk 0:02:59]} 7. dxe5 {[%clk 0:02:53]} dxe5
{[%clk 0:02:59]} 8. Be3 {[%clk 0:02:53]} Nc6 {[%clk 0:02:54]} 9. O-O
{[%clk 0:02:51]} Be6 {[%clk 0:02:52]} 10. h3 {[%clk 0:02:37]} Qe7
{[%clk 0:02:42]} 11. Qc2 {[%clk 0:02:19]} Rfd8 {[%clk 0:02:32]} 12. Rfd1
{[%clk 0:02:20]} Na5 {[%clk 0:02:25]} 13. Nxe5 {[%clk 0:02:12]} Ne8
{[%clk 0:02:10]} 14. Nf3 {[%clk 0:01:40]} Nxc4 {[%clk 0:01:49]} 15. Bd4
{[%clk 0:01:37]} Bxd4 {[%clk 0:01:45]} 16. Nxd4 {[%clk 0:01:37]} Ned6
{[%clk 0:01:37]} 17. Nxe6 {[%clk 0:01:20]} Qxe6 {[%clk 0:01:38]} 18. Nd5
{[%clk 0:01:02]} c6 {[%clk 0:01:23]} 19. Bxc4 {[%clk 0:01:01]} Nxc4
{[%clk 0:01:17]} 20. Nc7 {[%clk 0:00:56]} Qe7 {[%clk 0:01:08]} 21. Nxa8
{[%clk 0:00:56]} Ne5 {[%clk 0:01:07]} 22. Qc3 {[%clk 0:00:47]} Rxa8
{[%clk 0:01:05]} 23. Rd2 {[%clk 0:00:40]} Nd7 {[%clk 0:01:04]} 24. Rad1
{[%clk 0:00:41]} Nb6 {[%clk 0:01:04]} 25. b3 {[%clk 0:00:34]} h6 {[%clk 0:01:02]}
26. Qc2 {[%clk 0:00:31]} Re8 {[%clk 0:01:02]} 27. f3 {[%clk 0:00:32]} Qg5
{[%clk 0:00:55]} 28. a4 {[%clk 0:00:31]} Qe3+ {[%clk 0:00:55]} 29. Kh1
{[%clk 0:00:31]} Qg5 {[%clk 0:00:54]} 30. a5 {[%clk 0:00:33]} Qxa5
{[%clk 0:00:50]} 31. Rd8 {[%clk 0:00:28]} Rxd8 {[%clk 0:00:50]} 32. Rxd8+
{[%clk 0:00:28]} Kh7 {[%clk 0:00:50]} 33. Qb2 {[%clk 0:00:27]} Qe1+
{[%clk 0:00:50]} 34. Kh2 {[%clk 0:00:28]} g5 {[%clk 0:00:28]} 35. Qh8+
{[%clk 0:00:27]} Kg6 {[%clk 0:00:29]} 36. Rg8+ {[%clk 0:00:27]} Kh5
{[%clk 0:00:30]} 37. g4+ {[%clk 0:00:27]} Kh4 {[%clk 0:00:30]} 38. Qxh6#
{[%clk 0:00:27]} 1-0